000 00340nam a2200133Ia 4500
008 150202s9999 xx 000 0 und d
020 _a874060435
050 _aFIC
_bFIC
100 _aYoung, Alida E.
245 _aWhy am I too young? /
_cAlida E. Young.
260 _aUSA :
_c1985.
300 _a126 pages :
_c18 cm.
650 _aFiction.
999 _c282477
_d282477